| 000 | 00492nam a22001937a 4500 | ||
|---|---|---|---|
| 999 |
_c7710 _d7710 |
||
| 003 | Ost | ||
| 005 | 20200408150845.0 | ||
| 008 | 200408b ||||| |||| 00| 0 eng d | ||
| 020 | _a9780071160902 | ||
| 040 | _cBT-PhCST | ||
| 050 | _aD4219 | ||
| 082 |
_222 _a005.12 _bBAH |
||
| 100 | _aBahrami, Ali. | ||
| 245 | _aObject oriented systems development / | ||
| 260 |
_aBoston : _bMcGraw-Hill, _cc1999. |
||
| 300 |
_axx, 411 p. : _bill. ; _c23 cm. |
||
| 500 | _aincludes index. | ||
| 942 |
_2ddc _cIT |
||